Ex-voto : quadros votivos do concelho de Chamusca (Registo nº 199713)

Detalhes MARC
000 -Etiqueta do registo
Valores 00602nam 22001693 4500
100 ## - Dados gerais de processamento
Dados gerais 20260102d u||y0pory50 ba
200 ## - Titulo e menção de responsabilidade
Título próprio Ex-voto : quadros votivos do concelho de Chamusca
Primeira menção de responsabilidade António Matias Coelho
210 ## - Publicação
Local de publicação Chamusca
Nome do editor Câmara Municipal de Chamusca
Data de publicação 1986
215 ## - Descrição física 
Outras indicações físicas il. ; brochado
Dimensões 30 cm
Paginação / Volumes 23 f.
606 ## - Nome comum usado como assunto
ID Autoridade 2051
Palavra de ordem Antropologia Cultural. Etnologia. Etnografia. Usos e Costumes. Tradições. Modo de vida. Folclore
675 ## - CDU
Notação 39
Edição PT
Língua por
700 ## - Autor principal (pessoa individual)
ID Autoridade 10863
Apelido Coelho
Nome António Matias
Datas 1957-
801 ## - Fonte de origem
País PT
Agência BMMN
Regras de catalogação RPC
830 ## - Notas gerais do catalogador
Criado por Vanda
990 ## - Elementos KOHA
Tipo de documento Livro
Exemplares
Situação do levantamento Biblioteca de origem Código de barras Cota Permissão de empréstimo Tipo de documento Forma de aquisição
  Biblioteca Municipal de Montemor-o-Novo 28687 39 COE|DEP   Livro Oferta

Powered by Koha